[Miroslav Vaněk and Pavel Mücke: Velvet Revolutions]

Titel: [Miroslav Vaněk and Pavel Mücke: Velvet Revolutions] / Dan Swain
Verfasser:
In: Journal of contemporary Central and Eastern Europe, Band 25, Heft 2 (2017), Seite 272-275
alle Artikel anzeigen
Veröffentlicht: 2017
Format: Aufsatz
Sprache: Englisch
Schlagworte:
Kein Bild verfügbar
X
alg: 46906238
001A    $03025:09-09-20 
001B    $01999:27-07-21 $t17:21:42.000 
001D    $03025:09-09-20 
001U    $0utf8 
001X    $00 
002@    $0Oou 
002C    $aText $btxt $2rdacontent 
002D    $aComputermedien $bc $2rdamedia 
002E    $aOnline-Ressource $bcr $2rdacarrier 
003@    $046906238X 
004P    $010.1080/25739638.2017.1399539 
007A    $046906238X $aHEB 
010@    $aeng 
010E    $erda 
011@    $a2017 
013D    $#Newspapers Sections, columns, etc. Reviews $#Book reviewing $#Journaux Cahiers, chroniques, etc. Comptes rendus $#Livres Recension $#Rezension $#Buchbesprechung $#Buchrezension $#Buchkritik $74049712-4 $8Rezension [Ts1] $9085138568 
021A    $a[Miroslav Vaněk and Pavel Mücke: Velvet Revolutions] $hDan Swain 
028A    $BVerfasser $4aut $8Swain, Dan [Tp3] $9455395519 
031A    $d25 $e2 $h272-275 $j2017 
039B    $aEnthalten in $8--Obvc--. Journal of contemporary Central and Eastern Europe. - Abingdon, Ofordshire : Routlegde, Taylor & Francis Group, 2015-. - Online-Ressource. - ISSN 2573-9646 $x201700000250002728 $9426937147 
039T    $8--Aay--Vaněk, Miroslav$Z1961- [Tp3]. Velvet revolutions. - New York, NY : Oxford University Press, 2016. - xi, 251 Seiten. - Illustrationen. - ISBN 978-0-19-934272-3 $9426928296 
045F    $a900.94371 $eDDC23BSB 
045F/01 $a900 
045F/03 $g4371 

lok: 46906238 78

exp: 46906238 78 1 #EPN
201B/01 $009-09-20 $t13:38:31.000 
201C/01 $009-09-20 
201U/01 $0utf8 
203@/01 $01122689918 
208@/01 $a09-09-20 $be 
209A/01 $a/ $f000 $x00 
209A/01 $ab*p $x01 
220C/01 $apgar 
244Z/01 $#Böhmische Kronländer $#Länder der Böhmischen Krone $#Sudetenland $#Böhmen $#Mähren $#Mährisch-Schlesien $#Österreichisch-Schlesien $#Tschechische Sozialistische Republik Böhmische Länder $#Tschechei Böhmische Länder $#Země koruny české $74069573-6 $8--Tg1--Böhmische Länder $x01 $9085195553 
247C/01 $82080>Marburg/Lahn, Herder-Institut, Forschungsbibliothek, Bibliographieportal $9336309341
LEADER 00000caa a2200000 c 4500
001 46906238X
003 DE-603
005 20210727172142.0
007 cr||||||||||||
008 200909s2017 xx |||| o| u00||u|eng c
024 7 |a 10.1080/25739638.2017.1399539  |2 doi 
035 |a (DE-599)HEB46906238X 
040 |a DE-603  |b ger  |c DE-603  |d DE-603  |e rda 
041 |a eng 
082 0 4 |8 1\u  |a 900.94371  |q DE-101  |2 23/BSB 
085 |8 1\u  |b 900 
085 |8 1\u  |z 2  |s 4371 
100 1 |a Swain, Dan  |e Verfasser  |4 aut  |0 (DE-603)455395519  |0 (DE-588)1199403695  |2 gnd 
245 0 0 |a [Miroslav Vaněk and Pavel Mücke: Velvet Revolutions]  |c Dan Swain 
264 0 |c 2017 
336 |a Text  |b txt  |2 rdacontent 
337 |a Computermedien  |b c  |2 rdamedia 
338 |a Online-Ressource  |b cr  |2 rdacarrier 
655 7 |a Rezension  |2 gnd-content  |0 (DE-588)4049712-4  |0 (DE-603)085138568 
773 0 8 |i Enthalten in  |t Journal of contemporary Central and Eastern Europe  |d Abingdon, Ofordshire : Routlegde, Taylor & Francis Group, 2015-  |h Online-Ressource  |x 2573-9646  |g Band 25, Heft 2 (2017), Seite 272-275  |w (DE-603)426937147  |w (DE-600)2922261-8 
787 0 8 |i Rezension von  |a Vaněk, Miroslav, 1961-  |t Velvet revolutions  |d New York, NY : Oxford University Press, 2016  |h xi, 251 Seiten, Illustrationen  |z 9780199342723  |w (DE-603)426928296 
924 1 |9 2080  |a (DE-603)1122689918  |b DE-2080  |c HES  |d d  |g /